La Vendée ou le Québec ? - Statistiques

Statistiques générales
  • Ce quiz a été pris 317 fois
  • Le résultat moyen est 8 sur 15
Statistiques - réponses
Question Réponse % Correct
Qui borde l'Océan Atlantique Les deux
80%
Sa plus grande ville se nommait "Napoléon" au XIXe siècle Vendée
77%
Plus de 20% de sa population a été massacrée à la fin du XVIIIe siècle Vendée
75%
Qui a pour devise "Je me souviens" Québec
70%
La Tourtière en est une spécialité gastronomique Québec
64%
Où se trouve la ville "Richelieu" Québec
61%
Cristiano Ronaldo y a remporté le titre de meilleur joueur d'un tournoi Vendée
59%
Le Général De Gaulle y a tenu un discours en 1967 Québec
55%
Où se trouve "L'Île aux Mimosas" Vendée
55%
Sa capitale/préfecture est la plus proche de Laval Vendée
52%
A connu au moins un référendum pour une indépendance Québec
45%
On y trouve le Jardin Jeanne d'Arc Québec
41%
Le pape Jean-Paul II s'y est rendu Les deux
27%
Où l'expression "barrer la porte" est utilisée Les deux
18%
Comporte au moins une ville commençant par "Saint-Laurent" Vendée
7%
Aucun quiz correspondant
Distribution des résultats
% des personnes avec chaque résultat
Percentile par nombre de réponses
Votre historique - résultats
Vous n’avez pas pris ce quiz